[Event "2018 Schleinich Memorial"]
[Site "?"]
[Date "2018.01.06"]
[Round "2"]
[White "Ng, Gary"]
[Black "Haessel, Dale"]
[Result "1-0"]
[WhiteElo "2389"]
[BlackElo "239"]
[PlyCount "77"]
[SourceDate "2017.09.01"]

1. d4 Nf6 2. c4 g6 3. g3 c6 4. Nc3 d5 5. cxd5 cxd5 6. Bg2 Bg7 7. Nf3 Ne4 8.
Qa4+ Nc6 9. Ne5 Nxc3 10. bxc3 Bd7 11. Nxd7 Qxd7 12. Qb5 Rd8 13. Rb1 b6 14. e3
Na5 15. Bxd5 Qxb5 16. Rxb5 a6 17. Rxa5 bxa5 18. Bc6+ Kf8 19. Kd2 f5 20. Ba3 Kf7
21. Bb7 g5 22. Bxa6 h5 23. h4 gxh4 24. Rxh4 Bf6 25. Rh1 h4 26. gxh4 Rxh4 27.
Bc4+ Kg6 28. Rg1+ Rg4 29. Rxg4+ fxg4 30. Be6 Kh5 31. e4 Bh4 32. Ke2 Rf8 33. Bf5
Rb8 34. c4 Rb1 35. c5 Ra1 36. Be6 Rh1 37. c6 Rh2 38. c7 Rxf2+ 39. Kd3 1-0

[Event "2018 Schleinich Memorial"]
[Site "?"]
[Date "2018.01.06"]
[Round "2"]
[White "Malek, Omid"]
[Black "Kobalenko, Jerry"]
[Result "0-1"]
[WhiteElo "2207"]
[BlackElo "2132"]
[PlyCount "115"]
[SourceDate "2017.09.01"]

1. d4 Nf6 2. Bg5 Ne4 3. Bf4 d5 4. e3 c5 5. Bd3 cxd4 6. exd4 Nc6 7. Bxe4 dxe4 8.
d5 e5 9. Bg3 Qa5+ 10. Nc3 Ba3 11. Nge2 Bxb2 12. O-O Bxa1 13. Qxa1 Nd4 14. Nxd4
exd4 15. Nxe4 O-O 16. Qxd4 f6 17. Nd6 Qxa2 18. c4 b6 19. h4 Bd7 20. Re1 Qa3 21.
h5 Qc5 22. Qb2 h6 23. Qc2 Be8 24. Qf5 Rd8 25. Qf4 Bxh5 26. Re7 a5 27. Ra7 Qb4
28. Qf5 Bf7 29. Ne4 Qxc4 30. d6 Qe6 31. Qf4 f5 32. Re7 Qd5 33. Nc3 Qc4 34. Qe5
Qc5 35. Qxc5 bxc5 36. d7 Ra8 37. Bc7 a4 38. Nxa4 Rxa4 39. d8=Q Rxd8 40. Bxd8
Ra1+ 41. Kh2 c4 42. Rc7 Rf1 43. Rc8 Kh7 44. Bb6 f4 45. Bd4 Rd1 46. Be5 g5 47.
Rc6 Bd5 48. Ra6 Rd2 49. Kg1 Re2 50. Bd4 Re1+ 51. Kh2 h5 52. Ra5 Bxg2 53. Rxg5
Bf3 54. Rg1 Rxg1 55. Kxg1 Kg6 56. Kh2 Kf5 57. Bc3 Ke4 58. Bd2 {unreadable} 0-1

[Event "2018 Schleinich Memorial"]
[Site "?"]
[Date "2018.01.05"]
[Round "1"]
[White "Ng, Gary"]
[Black "Malek, Omid"]
[Result "1/2-1/2"]
[WhiteElo "2389"]
[BlackElo "2207"]
[PlyCount "85"]
[SourceDate "2017.09.01"]

1. d4 Nf6 2. Nf3 b6 3. c4 e6 4. a3 Bb7 5. Nc3 d5 6. cxd5 exd5 7. Bf4 Be7 8. Rc1
c5 9. Nb5 Na6 10. e3 O-O 11. Ne5 Ne4 12. Bd3 f6 13. Nf3 f5 14. O-O c4 15. Bxe4
fxe4 16. Ne5 Qe8 17. Nc3 Nc7 18. Qg4 Rd8 19. f3 exf3 20. Rxf3 Bc8 21. Qg3 Ne6
22. Rcf1 Nxf4 23. Rxf4 Be6 24. Ne2 Rxf4 25. exf4 Bf5 26. Qe3 Bh4 27. Ng3 Bxg3
28. hxg3 h5 29. Re1 Qb5 30. Nf7 Rf8 31. Nd6 Qd7 32. Qe5 Rf6 33. Qe8+ Rf8 34.
Qxd7 Bxd7 35. Re7 Rd8 36. Nb7 Kf8 37. Re5 Re8 38. Rxd5 Bc6 39. Rf5+ Kg8 40. Nd6
Rd8 41. Nxc4 Rxd4 42. Ne3 Rd2 43. Rxh5 1/2-1/2

[Event "2018 Schleinich Memorial"]
[Site "?"]
[Date "2018.01.07"]
[Round "5"]
[White "Findlay, Ian"]
[Black "Ng, Gary"]
[Result "1/2-1/2"]
[WhiteElo "2265"]
[BlackElo "2389"]
[PlyCount "69"]
[SourceDate "2017.09.01"]

1. e4 c5 2. Nf3 d6 3. d4 cxd4 4. Nxd4 Nf6 5. Nc3 a6 6. h3 e5 7. Nde2 b5 8. a4
b4 9. Nd5 Nxe4 10. Be3 Nd7 11. Nxb4 Bb7 12. a5 Be7 13. Ng3 Nxg3 14. fxg3 Nf6
15. c4 O-O 16. Nd5 Nxd5 17. cxd5 Bg5 18. Bf2 e4 19. h4 e3 20. hxg5 exf2+ 21.
Kxf2 Qxg5 22. Qd4 Bxd5 23. Rd1 Qf5+ 24. Kg1 Be4 25. Qxd6 Qxa5 26. b4 Qa3 27.
Rh5 Qe3+ 28. Kh2 g6 29. Re5 Qh6+ 30. Kg1 Qe3+ 31. Kh2 Rfe8 32. Bc4 Qh6+ 33. Kg1
Qe3+ 34. Kh2 Qh6+ 35. Kg1 1/2-1/2

[Event "2018 Schleinich Memorial"]
[Site "?"]
[Date "2018.01.05"]
[Round "1"]
[White "Nguyen, Kim"]
[Black "Kobalenko, Jerry"]
[Result "0-1"]
[WhiteElo "2139"]
[BlackElo "2129"]
[PlyCount "172"]
[SourceDate "2017.09.01"]

1. e4 c5 2. Nf3 e6 3. g3 Nc6 4. Bg2 Nge7 5. O-O d5 6. d3 g6 7. exd5 Nxd5 8.
Nbd2 Bg7 9. Ne4 Qe7 10. Rb1 O-O 11. Bg5 f6 12. Bd2 b6 13. Re1 Bb7 14. a3 a5 15.
Nc3 Nc7 16. Be3 Rfd8 17. Nd2 Rab8 18. Nc4 Nd4 19. Bxb7 Rxb7 20. Ne4 Nf5 21. Bd2
Nb5 22. b4 cxb4 23. axb4 a4 24. Ra1 Qd7 25. Rxa4 Nc3 26. Nxc3 b5 27. Nxb5 Rxb5
28. Bc3 e5 29. Qa1 Bf8 30. Nd2 Rc8 31. Ne4 Qc6 32. Qa2+ Kg7 33. Ra6 Rb6 34. Ra1
Rcb8 35. Rxb6 Rxb6 36. Qa7+ Rb7 37. Qa4 Qc7 38. Qa5 Qc6 39. Qa4 Qc7 40. Qa3 Rb6
41. Qa5 Nd6 42. Nc5 Kg8 43. Nd7 Qxc3 44. Nxb6 Qxc2 45. Qd5+ Kg7 46. Nd7 Be7 47.
Nc5 Nf5 48. Qc4 Qb2 49. Ne6+ Kh6 50. Qc1+ Qxc1+ 51. Rxc1 Bxb4 52. Rc4 Ba3 53.
f4 Bb2 54. fxe5 fxe5 55. Kf2 g5 56. g4 Ne7 57. Kf3 Kg6 58. Ke4 h5 59. Rc7 Kf6
60. gxh5 Kxe6 61. h6 Ng6 62. Rc6+ Kf7 63. Ra6 Nf8 64. Kf5 Nh7 65. Ra7+ Kg8 66.
Ra8+ Kf7 67. Rb8 Bc3 68. Rb7+ Kg8 69. Kg6 Nf8+ 70. Kxg5 Ne6+ 71. Kf5 Nf4 72.
Ke4 Ne6 73. Re7 Nc5+ 74. Kd5 Bd4 75. Kc4 Kh8 76. h4 Na4 77. Kd5 Nc5 78. Rc7
Nxd3 79. Ke4 Nf4 80. Kf5 Bb2 81. h7 Bd4 82. Re7 Nd5 83. Rf7 Nf4 84. Rb7 Bc3 85.
Rf7 Bb2 86. h5 Nxh5 0-1

[Event "2018 Schleinich Memorial"]
[Site "?"]
[Date "2018.01.05"]
[Round "1"]
[White "Daniluk, Jim"]
[Black "Rogers, Dustin"]
[Result "1/2-1/2"]
[WhiteElo "1965"]
[BlackElo "1903"]
[PlyCount "47"]
[SourceDate "2017.09.01"]

1. d4 Nf6 2. Bf4 e6 3. e3 b6 4. Bd3 Bb7 5. Nf3 Bb4+ 6. c3 Be7 7. Nbd2 d5 8. Ne5
O-O 9. Qe2 c5 10. g4 Ne4 11. g5 Bxg5 12. Bxg5 Qxg5 13. O-O-O Qh4 14. Rhf1 f6
15. Nef3 Qh5 16. Kb1 a6 17. c4 Nd7 18. Ka1 Rfe8 19. h4 e5 20. cxd5 Nxd2 21.
Nxd2 Qxe2 22. Bxe2 exd4 23. Bg4 dxe3 24. fxe3 1/2-1/2

[Event "2018 Schleinich Memorial"]
[Site "?"]
[Date "2018.01.05"]
[Round "1"]
[White "Blanchard, Michael"]
[Black "Cornelio, Charles"]
[Result "1-0"]
[WhiteElo "1937"]
[BlackElo "1899"]
[PlyCount "85"]
[SourceDate "2017.09.01"]

1. e4 e5 2. Nf3 Nc6 3. Bb5 Nd4 4. Nxd4 exd4 5. O-O Bc5 6. d3 Ne7 7. Qh5 Bb6 8.
a4 c6 9. Bc4 d5 10. exd5 Nxd5 11. Re1+ Be6 12. Rxe6+ Kf8 13. Re1 Qd7 14. Nd2
Nf6 15. Qf3 h5 16. Ne4 Re8 17. Bg5 Ng4 18. Bh4 Ne5 19. Qd1 Ba5 20. c3 dxc3 21.
Nxc3 Nxc4 22. Rxe8+ Kxe8 23. Qe2+ Qe6 24. Qxe6+ fxe6 25. dxc4 Bd8 26. Bxd8 Kxd8
27. Rd1+ Ke7 28. Ne4 b6 29. h4 Rf8 30. g3 Rf3 31. Nc3 Rf5 32. Rd3 g5 33. hxg5
Rxg5 34. f4 Rg4 35. Kg2 h4 36. Kh3 Rxg3+ 37. Rxg3 hxg3 38. Kxg3 Kf6 39. Kg4 a6
40. Ne4+ Kg6 41. c5 b5 42. a5 Kh6 43. f5 1-0

[Event "2018 Schleinich Memorial"]
[Site "?"]
[Date "2018.01.05"]
[Round "1"]
[White "Chen, Andrew"]
[Black "Ali, Husain"]
[Result "1-0"]
[WhiteElo "1829"]
[BlackElo "1715"]
[PlyCount "100"]
[SourceDate "2017.09.01"]

1. d4 d5 2. Nf3 Nf6 3. Bf4 Bf5 4. e3 e6 5. c4 Bb4+ 6. Nbd2 Nbd7 7. a3 Be7 8. h3
h6 9. b4 dxc4 10. Bxc4 Nb6 11. Bb3 c6 12. Bc2 Bxc2 13. Qxc2 O-O 14. O-O Nfd5
15. Bh2 Bd6 16. Bxd6 Qxd6 17. Ne5 f6 18. Ne4 Qc7 19. Nd3 e5 20. Nec5 Qe7 21. e4
Nc7 22. dxe5 fxe5 23. Nxb7 Ne6 24. Qa2 Kh7 25. Nbc5 Nd4 26. Nb3 Nf3+ 27. Kh1
Qh4 28. Qe2 Rf6 29. Nd2 Raf8 30. Nxf3 Rxf3 31. gxf3 Qxh3+ 32. Kg1 Rxf3 33. Nxe5
Rf6 34. f4 Nd7 35. Qh2 Qe3+ 36. Qf2 Qh3 37. Qf3 Qxf3 38. Nxf3 Rxf4 39. Nd2 Rg4+
40. Kf2 Ne5 41. Rg1 Rf4+ 42. Ke3 Rf7 43. Raf1 Rd7 44. Nf3 Nc4+ 45. Ke2 g5 46.
Rc1 g4 47. Rxc4 gxf3+ 48. Kxf3 a5 49. bxa5 Ra7 50. Rxc6 Rxa5 1-0

[Event "2018 Schleinich Memorial"]
[Site "?"]
[Date "2018.01.07"]
[Round "4"]
[White "Rogers, Dustin"]
[Black "Cornelio, Charles"]
[Result "1-0"]
[WhiteElo "1853"]
[BlackElo "1899"]
[PlyCount "75"]
[SourceDate "2017.09.01"]

1. e4 d5 2. exd5 Nf6 3. d4 Nxd5 4. c4 Nb4 5. a3 N4c6 6. Be3 g6 7. Nc3 Bg7 8.
Nf3 O-O 9. h3 e6 10. Qd2 Re8 11. Be2 Ne7 12. g4 Nd7 13. Bh6 Bh8 14. O-O-O b6
15. Qf4 a6 16. Ng5 Nf6 17. Bf3 c6 18. Nce4 Ned5 19. cxd5 cxd5 20. Ng3 Bd7 21.
Kb1 Rc8 22. Rc1 Qe7 23. Be2 b5 24. Rxc8 Rxc8 25. Rc1 Qd8 26. Rxc8 Qxc8 27. Nf3
a5 28. Ne5 Be8 29. Qd2 Qc7 30. Qc2 Qb6 31. Be3 Qb7 32. Qc5 Bg7 33. g5 Bf8 34.
Qc2 Nd7 35. Qc6 Qxc6 36. Nxc6 b4 37. axb4 axb4 38. Bd2 1-0

[Event "2018 Schleinich Memorial"]
[Site "?"]
[Date "2018.01.07"]
[Round "5"]
[White "Ali, Husain"]
[Black "Blanchard, Michael"]
[Result "1/2-1/2"]
[WhiteElo "1715"]
[BlackElo "1937"]
[PlyCount "53"]
[SourceDate "2017.09.01"]

1. e4 e6 2. d4 d5 3. Nd2 c5 4. dxc5 Bxc5 5. Nb3 Bb6 6. exd5 Qxd5 7. Qxd5 exd5
8. Nf3 Nc6 9. Bb5 Bd7 10. c3 Nge7 11. O-O a6 12. Bxc6 bxc6 13. Re1 f6 14. Be3
Bxe3 15. Rxe3 Kf7 16. Nfd4 Nf5 17. Nxf5 Bxf5 18. Rae1 Rhe8 19. Rxe8 Rxe8 20.
Rxe8 Kxe8 21. Nc5 Bc8 22. b4 Ke7 23. f4 Kd6 24. Kf2 Kc7 25. Ke3 Kb6 26. Kd4 a5
27. a4 1/2-1/2

[Event "2018 Schleinich Memorial"]
[Site "?"]
[Date "2018.01.07"]
[Round "5"]
[White "Cornelio, Charles"]
[Black "Daniluk, Jim"]
[Result "1/2-1/2"]
[WhiteElo "1899"]
[BlackElo "1965"]
[PlyCount "61"]
[SourceDate "2017.09.01"]

1. e4 c5 2. Nf3 Nc6 3. d4 cxd4 4. Nxd4 Nf6 5. Nc3 e5 6. Ndb5 d6 7. Bg5 a6 8.
Bxf6 gxf6 9. Na3 b5 10. Nd5 f5 11. Bd3 Be6 12. Ne3 f4 13. Nd5 Rg8 14. g3 Nd4
15. Be2 Bxd5 16. exd5 Bg7 17. Bd3 Kf8 18. c3 e4 19. Bxe4 Qe7 20. Qd3 f5 21.
cxd4 fxe4 22. Qd2 e3 23. fxe3 fxe3 24. O-O+ Ke8 25. Qc3 Rd8 26. Rae1 Bh6 27.
Qc6+ Rd7 28. Qc8+ Rd8 29. Qxa6 e2 30. Qc6+ Rd7 31. Qc8+ 1/2-1/2

[Event "2018 Schleinich Memorial"]
[Site "?"]
[Date "2018.01.07"]
[Round "4"]
[White "Blanchard, Michael"]
[Black "Chen, Andrew"]
[Result "1-0"]
[WhiteElo "1937"]
[BlackElo "1829"]
[PlyCount "83"]
[SourceDate "2017.09.01"]

1. e4 c5 2. Nf3 d6 3. Nc3 Nf6 4. d4 cxd4 5. Nxd4 a6 6. Be3 e5 7. Nb3 Be7 8. f3
O-O 9. Qd2 b5 10. a4 bxa4 11. Rxa4 Bb7 12. Na5 Qc7 13. Nxb7 Qxb7 14. Bc4 Nc6
15. O-O Nb4 16. Na2 Nxa2 17. Rxa2 h6 18. Rfa1 a5 19. b3 d5 20. Bxd5 Nxd5 21.
Qxd5 Qxd5 22. exd5 Rfc8 23. c4 Bc5 24. Kf2 Rab8 25. Bxc5 Rxc5 26. Rxa5 Rxa5 27.
Rxa5 Rxb3 28. Ra8+ Kh7 29. d6 Rd3 30. c5 Kg6 31. Ke2 Rd5 32. c6 Rxd6 33. c7 Rc6
34. c8=Q Rxc8 35. Rxc8 f6 36. Rc7 h5 37. h4 f5 38. Rc6+ Kf7 39. Kd3 g6 40. Kc4
e4 41. fxe4 fxe4 42. Kd4 1-0

[Event "2018 Schleinich Memorial"]
[Site "?"]
[Date "2018.01.06"]
[Round "3"]
[White "Chen, Andrew"]
[Black "Daniluk, Jim"]
[Result "1/2-1/2"]
[WhiteElo "1829"]
[BlackElo "1965"]
[PlyCount "109"]
[SourceDate "2017.09.01"]

1. d4 Nf6 2. Nf3 g6 3. Bf4 Bg7 4. e3 c5 5. Nbd2 cxd4 6. exd4 Nd5 7. Bg3 Nc6 8.
c3 d6 9. Bc4 Nf6 10. O-O O-O 11. Re1 Bf5 12. h3 d5 13. Bb3 Na5 14. Bc2 Bxc2 15.
Qxc2 Rc8 16. Ne5 b5 17. a3 h6 18. Re2 e6 19. Rae1 g5 20. f3 Nh5 21. Bh2 Nc6 22.
Nxc6 Rxc6 23. Be5 Qb6 24. Bxg7 Kxg7 25. Nb3 Nf4 26. Rd2 Rfc8 27. Nc5 Rxc5 28.
dxc5 Qxc5+ 29. Kh1 d4 30. Rc1 d3 31. Rxd3 Nxd3 32. Qxd3 a5 33. Rd1 b4 34. axb4
axb4 35. cxb4 Qxb4 36. Qd4+ Qxd4 37. Rxd4 Rb8 38. b4 Rb5 39. Kg1 Kf6 40. Kf2
Ke5 41. Ke3 f5 42. g4 Rb7 43. f4+ gxf4+ 44. Rxf4 Ra7 45. Rd4 f4+ 46. Kd3 Ra3+
47. Kc4 Rxh3 48. b5 Rb3 49. Kxb3 Kxd4 50. b6 f3 51. b7 f2 52. b8=Q f1=Q 53.
Qd6+ Ke3 54. Qxe6+ Kf3 55. Qxh6 1/2-1/2

[Event "2018 Schleinich Memorial"]
[Site "?"]
[Date "2018.01.06"]
[Round "3"]
[White "Ali, Husain"]
[Black "Cornelio, Charles"]
[Result "1-0"]
[WhiteElo "1715"]
[BlackElo "1899"]
[PlyCount "125"]
[SourceDate "2017.09.01"]

1. e4 d5 2. exd5 Nf6 3. d4 Nxd5 4. Nf3 Bf5 5. c3 e6 6. h3 Nd7 7. Bd3 Bxd3 8.
Qxd3 g6 9. O-O Bg7 10. Re1 O-O 11. c4 Nb4 12. Qb3 Nc6 13. Be3 Qc8 14. Nbd2 Nb6
15. c5 Nd5 16. Nc4 Nxe3 17. fxe3 b6 18. cxb6 cxb6 19. Rac1 Qd7 20. Red1 Qd5 21.
Nxb6 Qxb3 22. axb3 axb6 23. Rxc6 Rfb8 24. Rd2 Kf8 25. Rc7 Bf6 26. Kf2 Rc8 27.
Rdc2 Rxc7 28. Rxc7 h6 29. Ke2 Ra2 30. Rc2 Ke8 31. Kd3 Kd7 32. Rf2 Bg7 33. Kc2
f6 34. Nd2 Ra8 35. Nc4 Kc6 36. Kd3 b5 37. Na3 f5 38. Rc2+ Kb6 39. Rc5 Bf8 40.
Rxb5+ Kc6 41. Re5 Kd7 42. Nc4 Ra1 43. Ke2 Rg1 44. Kf2 Rc1 45. Ra5 g5 46. Ra8
Ke7 47. Rc8 Bg7 48. Rc7+ Kf8 49. b4 f4 50. Rc8+ Ke7 51. b5 e5 52. b6 fxe3+ 53.
Kxe3 exd4+ 54. Kd3 Be5 55. b7 Bf4 56. b8=Q Bxb8 57. Rxb8 Rg1 58. Rh8 Rxg2 59.
Rxh6 Rh2 60. Rg6 Rxh3+ 61. Kxd4 Rh5 62. Ne5 Rh2 63. b4 1-0

[Event "2018 Schleinich Memorial"]
[Site "?"]
[Date "2018.01.06"]
[Round "3"]
[White "Blanchard, Michael"]
[Black "Rogers, Dustin"]
[Result "1/2-1/2"]
[WhiteElo "1936"]
[BlackElo "1853"]
[PlyCount "92"]
[SourceDate "2017.09.01"]

1. e4 c5 2. Nf3 d6 3. Nc3 a6 4. d4 cxd4 5. Nxd4 Nf6 6. Be3 e5 7. Nb3 Be6 8. Qd2
Nbd7 9. f3 Qc7 10. g4 Nb6 11. O-O-O Rc8 12. Bxb6 Qxb6 13. g5 Nh5 14. Nd5 Bxd5
15. Qxd5 Nf4 16. Qd2 Be7 17. h4 O-O 18. Kb1 Rfd8 19. Qe1 Rc7 20. Rh2 Rdc8 21.
Rhd2 a5 22. Qf2 Qc6 23. Nxa5 Qa4 24. Nb3 Ra8 25. Nc1 Rc5 26. Qe3 Ne6 27. Qb3
Qa7 28. Bc4 Nd4 29. Bxf7+ Kh8 30. Rxd4 exd4 31. Bd5 Rac8 32. Rd2 b6 33. f4 Qc7
34. Be6 Rf8 35. f5 d5 36. Bxd5 Qf4 37. Rg2 Qxh4 38. Qg3 Qxg3 39. Rxg3 Rxd5 40.
exd5 Rxf5 41. c4 dxc3 42. Rd3 cxb2 43. Kxb2 Bxg5 44. Nb3 Bd8 45. Kc3 g5 46. Kd4
Rf2 1/2-1/2

[Event "2018 Schleinich Memorial"]
[Site "?"]
[Date "2018.01.06"]
[Round "2"]
[White "Cornelio, Charles"]
[Black "Chen, Andrew"]
[Result "0-1"]
[WhiteElo "1899"]
[BlackElo "1839"]
[PlyCount "98"]
[SourceDate "2017.09.01"]

1. e4 c5 2. Nf3 d6 3. d4 cxd4 4. Nxd4 Nf6 5. Nc3 a6 6. Bc4 e6 7. Bb3 Be7 8. O-O
O-O 9. Re1 e5 10. Nf5 Nc6 11. Nxe7+ Qxe7 12. Bg5 Be6 13. Nd5 Bxd5 14. Bxd5 h6
15. Bh4 g5 16. Bg3 Nxd5 17. Qxd5 Nd4 18. Rac1 Rac8 19. Qa5 Nxc2 20. Red1 Nd4
21. Qd2 Rxc1 22. Rxc1 Qe6 23. b3 Rc8 24. Kf1 Qd7 25. Rxc8+ Qxc8 26. f3 Qc2 27.
Qxc2 Nxc2 28. Ke2 Nd4+ 29. Kd3 b5 30. Bf2 Nc6 31. a3 Kf8 32. h4 Ke7 33. Be3 f6
34. h5 Ke6 35. g4 Na5 36. Kc3 Nb7 37. a4 d5 38. exd5+ Kxd5 39. axb5 axb5 40.
Kb4 Nd6 41. Bc5 f5 42. Bxd6 Kxd6 43. gxf5 e4 44. fxe4 g4 45. Kxb5 g3 46. Ka6 g2
47. b4 g1=Q 48. b5 Kc7 49. Ka5 Qb1 0-1

[Event "2018 Schleinich Memorial"]
[Site "?"]
[Date "2018.01.06"]
[Round "2"]
[White "Rogers, Dustin"]
[Black "Ali, Husain"]
[Result "1/2-1/2"]
[WhiteElo "1903"]
[BlackElo "1715"]
[PlyCount "110"]
[SourceDate "2017.09.01"]

1. e4 e5 2. Nf3 Nc6 3. Bb5 a6 4. Ba4 Nf6 5. d3 d6 6. h3 Be7 7. Nc3 b5 8. Bb3
Na5 9. O-O O-O 10. Re1 Bb7 11. Bg5 Nxb3 12. axb3 c5 13. Ne2 Nh5 14. Bxe7 Qxe7
15. g4 Qf6 16. gxh5 Qxf3 17. Ng3 Qxd1 18. Raxd1 Bc8 19. Kg2 f5 20. exf5 Bxf5
21. c3 Be6 22. b4 cxb4 23. cxb4 Rf4 24. Ne4 Bd5 25. Re3 Rc8 26. Rd2 Kf7 27. f3
Bxe4 28. fxe4 Ke6 29. Rg3 Rc7 30. Rg4 Rxg4+ 31. hxg4 d5 32. exd5+ Kxd5 33. Re2
Kd4 34. Re4+ Kxd3 35. Rxe5 Kc4 36. Re6 Ra7 37. Re4+ Kb3 38. g5 Rd7 39. Kf3 Rf7+
40. Ke3 Rf5 41. Rg4 h6 42. Ke4 Rf8 43. gxh6 gxh6 44. Rg6 Kxb4 45. Rxa6 Rh8 46.
Kf5 Kb3 47. Rb6 b4 48. Kg6 Rc8 49. Kxh6 Rc2 50. Kg7 Rxb2 51. h6 Rh2 52. h7
Rxh7+ 53. Kxh7 Kc3 54. Kg6 b3 55. Kf5 b2 1/2-1/2

[Event "2018 Northern Alberta Open"]
[Site "?"]
[Date "2018.02.10"]
[Round "1"]
[White "van Niekerk, Anton"]
[Black "MacDonald, Dean"]
[Result "1-0"]
[WhiteElo "1879"]
[BlackElo "1471"]
[PlyCount "31"]
[SourceDate "2017.09.01"]

1. e4 d6 2. d4 Nf6 3. f3 g6 4. c4 c6 5. Nc3 Bg7 6. Be3 Nbd7 7. Qd2 O-O 8. Nge2
e5 9. d5 c5 10. g4 Nb6 11. Ng3 Re8 12. h4 Kh8 13. Bg5 Rg8 14. h5 Qe7 15. hxg6
fxg6 16. Rxh7+ 1-0

[Event "2018 Northern Alberta Open"]
[Site "?"]
[Date "2018.02.10"]
[Round "1"]
[White "Chandra, Anand Rishi"]
[Black "Saley, Amartya"]
[Result "1-0"]
[WhiteElo "1877"]
[BlackElo "1095"]
[PlyCount "57"]
[SourceDate "2017.09.01"]

1. e4 c5 2. Nf3 Nc6 3. c3 d6 4. d4 Bg4 5. Bc4 g6 6. Bxf7+ Kxf7 7. Ng5+ Ke8 8.
Qxg4 Nf6 9. Qe6 Qd7 10. Qf7+ Kd8 11. Ne6+ Kc8 12. Nxf8 Nd8 13. Nxd7 Nxf7 14.
Nxf6 exf6 15. Bf4 cxd4 16. cxd4 Re8 17. f3 Kd7 18. Nc3 f5 19. O-O fxe4 20. fxe4
a6 21. Nd5 Kc6 22. Rac1+ Kb5 23. Nc7+ Kb6 24. Nxa8+ Rxa8 25. Be3 Kb5 26. Rxf7
Re8 27. Rxb7+ Ka5 28. Bd2+ Ka4 29. Rc4# 1-0

[Event "2018 Northern Alberta Open"]
[Site "?"]
[Date "2018.02.10"]
[Round "1"]
[White "Malek, Omid"]
[Black "Hughey, Leah"]
[Result "1-0"]
[WhiteElo "2190"]
[BlackElo "1680"]
[PlyCount "35"]
[SourceDate "2017.09.01"]

1. d4 Nf6 2. Bg5 Ne4 3. Bf4 e6 4. Nf3 d5 5. e3 Bd7 6. c3 c5 7. Nbd2 Be7 8. Nxe4
dxe4 9. Ne5 Qb6 10. Nc4 Qc6 11. dxc5 Bxc5 12. Qg4 Na6 13. Qxg7 O-O-O 14. Be2
Nb4 15. cxb4 Bxb4+ 16. Kf1 Qd5 17. Qe5 Bb5 18. Qc7# 1-0

[Event "2018 Northern Alberta Open"]
[Site "?"]
[Date "2018.02.10"]
[Round "1"]
[White "Laceste, Loren"]
[Black "Koperski, Dustin"]
[Result "0-1"]
[WhiteElo "2295"]
[BlackElo "1793"]
[PlyCount "78"]
[SourceDate "2017.09.01"]

1. d4 Nf6 2. Nf3 c5 3. d5 d6 4. c4 b5 5. cxb5 a6 6. bxa6 g6 7. Nc3 Bxa6 8. e4
Bxf1 9. Kxf1 Bg7 10. g3 O-O 11. Kg2 Nbd7 12. Qe2 Qa5 13. Nd2 Rfb8 14. Nc4 Qd8
15. f4 Nb6 16. Nd2 Nfd7 17. Nf3 f6 18. h4 Qe8 19. Bd2 e6 20. Qd3 c4 21. Qc2
exd5 22. exd5 Nxd5 23. Nxd5 Qe2+ 24. Kh3 Qxf3 25. Qxc4 Kh8 26. Rhf1 Qh5 27. g4
Qh6 28. Qc6 Nc5 29. Rae1 f5 30. gxf5 gxf5 31. Rg1 Ne4 32. Rxe4 fxe4 33. Bc3 Ra7
34. Nc7 Bf6 35. Qxd6 Qxh4+ 36. Kg2 Rg8+ 37. Kf1 Qh3+ 38. Ke2 Qf3+ 39. Kd2 Qf2+
0-1

[Event "2018 Northern Alberta Open"]
[Site "?"]
[Date "2018.02.10"]
[Round "1"]
[White "Sasata, Alexander"]
[Black "Kalisvaart, Peter"]
[Result "0-1"]
[WhiteElo "1434"]
[BlackElo "2116"]
[PlyCount "47"]
[SourceDate "2017.09.01"]

1. e4 e5 2. Nf3 Nc6 3. Bc4 Nf6 4. d3 Bc5 5. Nc3 d6 6. Bg5 h6 7. Bh4 Bg4 8. h3
Be6 9. O-O g5 10. Bg3 Nh5 11. Bxe6 Nxg3 12. Bxf7+ Kxf7 13. Nxg5+ Qxg5 14. Qf3+
Kg7 15. Kh2 Nxf1+ 16. Rxf1 Nd4 17. Qd1 Raf8 18. Ne2 Rhg8 19. c3 Kh7 20. Ng3 Ne6
21. Qb3 Rxf2 22. Rxf2 Qxg3+ 23. Kh1 Bxf2 24. h4 0-1

[Event "2018 Northern Alberta Open"]
[Site "?"]
[Date "2018.02.10"]
[Round "1"]
[White "Daniluk, Jim"]
[Black "Kalashyan, Hayrapet"]
[Result "1-0"]
[WhiteElo "1974"]
[BlackElo "1570"]
[PlyCount "53"]
[SourceDate "2017.09.01"]

1. d4 Nf6 2. Bf4 d5 3. e3 e6 4. c3 c5 5. Nf3 Nc6 6. Nbd2 Bd6 7. Bg3 a6 8. Bd3
h6 9. Ne5 Qc7 10. f4 O-O 11. Qf3 cxd4 12. exd4 Ne8 13. O-O b5 14. Rac1 f6 15.
Qh5 Bxe5 16. fxe5 f5 17. Nf3 Qf7 18. Qh3 Ne7 19. Be1 Ng6 20. Bd2 Bd7 21. g4 Nc7
22. g5 Nh8 23. gxh6 g6 24. Kh1 Rfd8 25. Bg5 Rdc8 26. Bf6 Rab8 27. Ng5 1-0

[Event "2018 Northern Alberta Open"]
[Site "?"]
[Date "2018.02.10"]
[Round "1"]
[White "Green, Jason"]
[Black "Zeggelaar, Mike"]
[Result "1/2-1/2"]
[WhiteElo "1566"]
[BlackElo "1951"]
[PlyCount "65"]
[SourceDate "2017.09.01"]

1. e4 c5 2. Nc3 e6 3. f4 Nc6 4. Nf3 d5 5. Bb5 Nf6 6. Bxc6+ bxc6 7. e5 Nd7 8. d3
Be7 9. O-O Qc7 10. Qe1 Bb7 11. Qg3 g6 12. a4 O-O-O 13. Bd2 h5 14. a5 Ba6 15.
Rfb1 Kb8 16. Na4 Ka8 17. Ng5 Rhf8 18. b3 Bb5 19. c4 Bxa4 20. Rxa4 a6 21. h4 Rb8
22. Qe3 Rb7 23. Qe1 Bxg5 24. hxg5 d4 25. b4 Rfb8 26. Raa1 cxb4 27. Bxb4 c5 28.
Bd2 Rxb1 29. Rxb1 Rxb1 30. Qxb1 Nb8 31. Qa2 Nc6 32. Qa4 Qd7 33. Qa3 1/2-1/2

[Event "2018 Northern Alberta Open"]
[Site "?"]
[Date "2018.02.10"]
[Round "1"]
[White "Bertrand, Daryl"]
[Black "Mo, Michelle"]
[Result "1/2-1/2"]
[WhiteElo "2029"]
[BlackElo "1657"]
[PlyCount "67"]
[SourceDate "2017.09.01"]

1. e4 c5 2. d4 cxd4 3. c3 dxc3 4. Nxc3 Nc6 5. Nf3 e6 6. Bg5 Be7 7. Bxe7 Qxe7 8.
Nb5 Qb4+ 9. Nd2 Qa5 10. Nd6+ Ke7 11. N6c4 Qc7 12. Qg4 Kf8 13. Ne3 Nf6 14. Qd1
Qe5 15. Ndc4 Qxe4 16. Qd6+ Kg8 17. Bd3 Qd4 18. Qa3 b6 19. Rd1 Qc5 20. Qxc5 bxc5
21. Nd6 Kf8 22. Rc1 Nb4 23. Bb1 Ba6 24. Rxc5 Nd3+ 25. Bxd3 Bxd3 26. Rc3 Bg6 27.
O-O Ne4 28. Nxe4 Bxe4 29. Rc7 Bc6 30. Nc4 Ke7 31. Rd1 f6 32. Na5 Rhc8 33. Nxc6+
Ke8 34. Rcxd7 1/2-1/2

[Event "2018 Northern Alberta Open"]
[Site "?"]
[Date "2018.02.10"]
[Round "1"]
[White "Cao, Lucy"]
[Black "Guevarra, Alvin"]
[Result "1/2-1/2"]
[WhiteElo "1593"]
[BlackElo "1985"]
[PlyCount "79"]
[SourceDate "2017.09.01"]

1. e4 d6 2. d4 Nf6 3. Bd3 e5 4. Nf3 Bg4 5. dxe5 dxe5 6. Bb5+ Nbd7 7. h3 c6 8.
hxg4 cxb5 9. Bg5 Qa5+ 10. c3 Nxg4 11. Qd5 Qb6 12. O-O f6 13. Na3 Bxa3 14. bxa3
fxg5 15. Nxg5 Rf8 16. Qe6+ Qxe6 17. Nxe6 Rc8 18. Nxf8 Nxf8 19. Rab1 a6 20. a4
Rxc3 21. axb5 a5 22. Rbc1 Rxc1 23. Rxc1 Kd7 24. Rc5 Kd6 25. Rd5+ Ke6 26. b6 Nf6
27. Rxa5 Nxe4 28. Ra4 Nc5 29. Rh4 h6 30. a4 Nfd7 31. a5 Kd6 32. Rh3 Nf6 33. Rg3
Ne8 34. Rc3 Nf6 35. Rg3 Ne6 36. Rb3 Nc5 37. Rg3 Ne6 38. Rc3 Nd5 39. Rf3 Nf6 40.
Rg3 1/2-1/2

[Event "2018 Northern Alberta Open"]
[Site "?"]
[Date "2018.02.10"]
[Round "1"]
[White "Ratte, Cameron"]
[Black "Findlay, Ian"]
[Result "0-1"]
[WhiteElo "1719"]
[BlackElo "2307"]
[PlyCount "106"]
[SourceDate "2017.09.01"]

1. e4 c5 2. Nf3 d6 3. d4 cxd4 4. Nxd4 Nf6 5. Nc3 g6 6. Be3 Bg7 7. h3 Nc6 8. Bc4
O-O 9. Bb3 Qa5 10. O-O Bd7 11. f4 Nxd4 12. Bxd4 Bc6 13. Re1 Nd7 14. Bxg7 Kxg7
15. Qd4+ Kg8 16. Nd5 Bxd5 17. exd5 Rfe8 18. Re3 Qc5 19. Qxc5 Nxc5 20. Rae1 Kf8
21. g4 Rac8 22. c3 Nxb3 23. axb3 Rc5 24. c4 b5 25. f5 f6 26. Re4 Rc7 27. Rc1
Rb8 28. b4 bxc4 29. Rexc4 Rcb7 30. Rc8+ Kf7 31. Rxb8 Rxb8 32. Rc4 Rb5 33. Rd4
Rb8 34. b3 h5 35. Kg2 hxg4 36. hxg4 gxf5 37. gxf5 Rh8 38. Kg3 Rh1 39. b5 Rb1
40. b4 Ke8 41. Kf4 Kd7 42. Rc4 Rd1 43. Ke4 Re1+ 44. Kf4 Re5 45. b6 axb6 46. Rd4
Re1 47. Rc4 b5 48. Rd4 Ke8 49. Kg4 Kf7 50. Kf3 Kg7 51. Rg4+ Kh6 52. Rg6+ Kh7
53. Rg4 Re5 0-1